Hetalia General Knowledge - Statistics

General Stats
  • This quiz has been taken 706 times
  • The average score is 14 of 19
Answer Stats
Hint Answer % Correct
America Alfred F Jones
91%
"Eight minutes each for speeches, no chit chat about side deals, and absolutely no going over the time limit." Germany
90%
What character has a friend named 'Mein Sticky friend'? Germany
90%
"You know, part of the reason of why I'm so awesome is because I drink beer. The awesome taste of this stuff almost brings awesome tears to my awesome eyes." Prussia
88%
England Arthur Kirkland
87%
Japan Kiku Honda
85%
"Duh! He is Canada. I recognize him from his sexy hair because it is so much like my own. But, not as good." France
84%
"That's an easy one, sir! Surrender immediately, form an alliance, kiss their butts, sing, eat, and go to bed!" Italy
82%
Canada Matthew Williams
81%
China Yao Wang
81%
Italy Feliciano Vargas
78%
"My manly tract of land has been seized and occupied by that demon douche Prussia." Austria
76%
France Francis Bonnefoy
76%
Germany Ludwig/Ludwig Beilschmidt
74%
Russia Ivan Braginski
73%
In what Asian country is Hetalia banned? South Korea
69%
What is the name of Finland's dog? Hanatamago
50%
Who is the creator of Hetalia: Axis Powers? Hidekaz Himaruya
44%
On what island are the Axis Powers stranded repeatedly? Seychelles
35%
No matching quizzes found
Score Distribution
Percent of People with Each Score
Percentile by Number Answered
Your Score History
You have not taken this quiz